La idea de la fama en la Edad Media castellana
-д хадгалсан:
| Үндсэн зохиолч: | |
|---|---|
| Формат: | Ном |
| Хэл сонгох: | испани |
| Хэвлэсэн: |
Ciudad de México
Fondo de Cultura Económica
1952
|
| Цуврал: | Lengua y Estudios Literarios
|
| Нөхцлүүд: | |
| Шошгууд: |
Шошго нэмэх
Шошго байхгүй, Энэхүү баримтыг шошголох эхний хүн болох!
|
MARC
| LEADER | 00000nam a2200000 a 4500 | ||
|---|---|---|---|
| 001 | UCT7644 | ||
| 003 | CL-VaPUC | ||
| 008 | 970123e19520000MX |||||||||||||||||spa|d | ||
| 082 | 0 | 4 | |a 860.9 |b LID |2 21 |
| 100 | |a Lida de Malkiel, María Rosa |e author |9 378664 | ||
| 245 | 1 | 3 | |a La idea de la fama en la Edad Media castellana |
| 300 | |a 312 p | ||
| 942 | |c BK | ||
| 945 | |d 19970123 00:00:00 |a rleighto | ||
| 260 | |a Ciudad de México |b Fondo de Cultura Económica |c 1952 | ||
| 650 | 0 | |a Literatura española |9 306261 | |
| 650 | 0 | |a Historia y crítica |9 257407 | |
| 650 | 0 | |a Crítica literaria |9 269189 | |
| 583 | |a last modification |c 19970123 00:00:00 |k Rodrigo Vera | ||
| 490 | 0 | |a Lengua y Estudios Literarios | |
| 999 | |c 256201 |d 256199 | ||
| 952 | |0 0 |1 0 |4 0 |6 860_900000000000000_LID_1952 |7 0 |8 A |9 278797 |a BIBEDU |b BIBEDU |d 2019-11-19 |i 3271617 |o 860.9 LID 1952 |p 3271617 |r 2019-11-19 |w 2019-11-19 |y BK |k LIT | ||